• 首页
  • 本馆介绍
  • 公告通知
  • 最新文献
  • 馆藏检索
  • 电子资源
  • 读者导购
  • 参考咨询
  • 我的图书馆
  • 登录
  • 详细信息显示
  • 放入我的书架
  • 预约/预借图书
  • 作者相关作品
  • 分类相关作品
  • 丛书相关作品
  • 出版社相关作品

书目信息

  • 表格格式
  • 工作单格式
  • 卡片格式
题名:
地热资源及其开发利用和保护
    
 
作者: 刘时彬 编著
分册:  
出版信息: 北京   化学工业出版社  2005
页数: 310页
开本: 24cm
丛书名: 21世纪可持续能源丛书
单 册:
中图分类: P314.2
科图分类:
主题词: 地热--资源开发 , 地热--资源利用 , 地热 , 资源开发 , 资源利用
电子资源:
ISBN: 7-5025-5895-0
000 01075oam2 2200313 450
001 002783997
005 20080225095130.81
010    @a7-5025-5895-0@dCNY42.00
035    @a002783997
100    @a20040802d2005 em y0chiy0110 ea
101 0  @achi
102    @aCN@b110000
105    @aa z 000yy
106    @ar
200 1  @a地热资源及其开发利用和保护@Adi re zi yuan ji qi kai fa li yong he bao hu@f刘时彬编著
210    @a北京@c化学工业出版社@d2005
215    @a310页@c图@d24cm
225 2  @a21世纪可持续能源丛书
330    @a全书从地热地表显示温泉、火山、喷泉等现象的描述,进一步引申到与地热相关的基本概念、理论和知识并结合全球地热资源分布规律以及地热勘探、开发利用和保护的现状加以介绍。着重以我国地热资源当前开发现状和近期发展趋势分析做了阐述。
461  0 @1001002771288@12001 @a21世纪可持续能源丛书
606 0  @a地热@x资源开发
606 0  @a地热@x资源利用
606 0  @a地热
606 0  @a资源开发
606 0  @a资源利用
690    @aP314.2@v4
701  0 @a刘时彬@Aliu shi bin@f(1937~)@4编著
801  0 @aCN@bNLC@c20080225
905    @dP314.2@e101@f4
    
    地热资源及其开发利用和保护/刘时彬编著.-北京:化学工业出版社,2005
    310页:图;24cm.-(21世纪可持续能源丛书)
    
    
    ISBN 7-5025-5895-0:CNY42.00
    全书从地热地表显示温泉、火山、喷泉等现象的描述,进一步引申到与地热相关的基本概念、理论和知识并结合全球地热资源分布规律以及地热勘探、开发利用和保护的现状加以介绍。着重以我国地热资源当前开发现状和近期发展趋势分析做了阐述。
●
相关链接 在E读中查询图书 在五车中查询图书 在当当中查询图书 在豆瓣中查询图书


正题名:地热资源及其开发利用和保护     索取号:P314.2/101         预约/预借

序号 登录号 条形码 馆藏地/架位号 状态 备注
1 0614780   206147800   第二样本阅览室/ [索取号:P314.2/101] 在馆    
2 0614781   206147819   第三借阅区/ [索取号:P314.2/101] 已借出,限还日期为2021.10.04
借出人:王久海  
 
3 0614782   206147828   第三借阅区/ [索取号:P314.2/101] 在馆    
4 0614783   206147837   第三借阅区/ [索取号:P314.2/101] 在馆    
唐山师范学院图书馆 欢迎您!
大连网信软件有限公司© 版权所有